00448nam a2200193Ia 4500003000400000005001700004008004100021020002200062040000700084041000800091082001300099100002000112245001600132260003600148300001300184365001300197650002400210650002000234OSt20230509135615.0210423s2001 xx 000 0 und d a978-0-14-302798-0 cAL aeng a950 SAIO aSAID (Edward W) aOrientalism aMumbaibPenguin Books Ltdc2001 a396pbPB b450cINR aGeography & History aHistory of Asia